|
|
|
|
| LEADER |
01793nam a2200397 a 4500 |
| 003 |
AR-BeUNQ |
| 005 |
20200203120056.0 |
| 008 |
190923s2018 xx ad f m 000 0 spa d |
| 999 |
|
|
|c 31224
|d 115024
|
| 040 |
|
|
|a AR-BeUNQ
|b spa
|e aacr
|
| 082 |
0 |
4 |
|2 21
|a 338.27499
|
| 100 |
1 |
|
|9 1773
|a Nacif, Federico
|
| 245 |
1 |
0 |
|a Litio en Argentina :
|b de insumo crítico a commodity minero : trayectoria socio-técnica de los yacimientos litíferos de la Puna (1930-2015) /
|c Federico Nacif.
|
| 260 |
|
|
|c 2018.
|
| 300 |
|
|
|a 155 p. :
|b il., gráficos ;
|c 30 cm.
|
| 500 |
|
|
|a Trabajo de tesis presentado para la obtención del grado de Magíster en Ciencia, Tecnología y Sociedad.
|
| 500 |
|
|
|a Director de tesis: Enrique Arceo.
|
| 500 |
|
|
|a Co-Director de tesis: Alberto Lalouf.
|
| 500 |
|
|
|a En port.: Buenos Aires, 2018.
|
| 502 |
|
|
|a Tesis (maestría) -- Universidad Nacional de Quilmes, 2018.
|
| 504 |
|
|
|a Bibliografía: p. 138-155
|
| 530 |
|
|
|a También disponible en versión pdf en el Repositorio Digital de Acceso Abierto RIDAA-UNQ.
|u https://ridaa.unq.edu.ar/handle/20.500.11807/1658
|
| 594 |
|
|
|a MAESTRIA EN CIENCIA, TECNOLOGIA Y SOCIEDAD
|
| 650 |
|
7 |
|a Industria extractiva
|2 spines
|
| 650 |
|
7 |
|a Litio
|2 spines
|
| 650 |
|
7 |
|a Política económica
|2 spines
|
| 650 |
|
7 |
|a Gestión de recursos
|2 spines
|
| 650 |
|
7 |
|a Cambio tecnológico
|2 spines
|
| 651 |
|
4 |
|a Puna (Argentina)
|
| 655 |
|
4 |
|a Tesis de maestría
|
| 700 |
1 |
|
|4 ths
|9 1771
|a Arceo, Enrique
|e director de tesis
|
| 700 |
1 |
|
|4 ths
|9 1772
|a Lalouf, Alberto
|e co-director de tesis
|
| 710 |
2 |
|
|4 dgg
|a Universidad Nacional de Quilmes,
|e institución otorgante del título
|
| 856 |
4 |
1 |
|u https://ridaa.unq.edu.ar/handle/20.500.11807/1658
|
| 929 |
|
|
|a DONACION
|b Federico Nacif
|d 150,00
|e 20190614
|f PAT0073108
|g 3488
|h 1
|j 58522
|
| 942 |
|
|
|c TM
|n 0
|